[Event "Olympiad Women-39"]
[Site "Khanty-Mansiysk"]
[Date "2010.09.27"]
[Round "6.8"]
[White "Lematschko, Tatjana"]
[Black "Lubbe, Melanie"]
[Result "1-0"]
[WhiteElo "2194"]
[BlackElo "2311"]
[PlyCount "85"]
[EventDate "2010.09.21"]
[EventType "team-swiss"]
[EventRounds "11"]
[EventCountry "RUS"]
[SourceTitle "CBM 139"]
[Source "ChessBase"]
[SourceDate "2010.11.18"]
[SourceVersion "1"]
[SourceVersionDate "2010.11.18"]
[SourceQuality "1"]
[WhiteTeam "Switzerland (W)"]
[BlackTeam "Germany (W)"]
[WhiteTeamCountry "SUI"]
[BlackTeamCountry "GER"]

1. d4 Nf6 2. c4 c5 3. d5 b5 4. cxb5 a6 5. e3 d6 6. Nc3 g6 7. a4 Bg7 8. h3 0-0 9. Bc4 axb5 10. Bxb5 Ba6 11. Bd2 Nbd7 12. Nf3 Nb6 13. e4 Bxb5 14. axb5 Nc4 15. Rb1 Qa5 16. 0-0 Nxd2 17. Nxd2 Qb4 18. Qe2 Nd7 19. Rfc1 Nb6 20. Kh1 Rfb8 21. f4 Ra7 22. Qd3 Rba8 23. Re1 Rb8 24. Qf3 Bd4 25. e5 Na4 26. exd6 exd6 27. Nde4 f5 28. Nxd6 c4 29. Nxa4 Qxd6 30. Nc3 Rd7 31. Re6 Qb4 32. Qe2 Kg7 33. Rc1 Rbb7 34. d6 Rxd6 35. Rxd6 Qxd6 36. Qxc4 Rc7 37. Qf1 Rc5 38. Rd1 Qf6 39. b6 Bxc3 40. b7 Be5 41. b4 Rc3 42. fxe5 Qxe5 43. Qe1 1-0

[Event "Olympiad Women-39"]
[Site "Khanty-Mansiysk"]
[Date "2010.09.23"]
[Round "3.35"]
[White "Lematschko, Tatjana"]
[Black "Mona, Khaled"]
[Result "1-0"]
[WhiteElo "2194"]
[BlackElo "2103"]
[PlyCount "87"]
[EventDate "2010.09.21"]
[EventType "team-swiss"]
[EventRounds "11"]
[EventCountry "RUS"]
[SourceTitle "CBM 139"]
[Source "ChessBase"]
[SourceDate "2010.11.18"]
[SourceVersion "1"]
[SourceVersionDate "2010.11.18"]
[SourceQuality "1"]
[WhiteTeam "Switzerland (W)"]
[BlackTeam "Egypt (W)"]
[WhiteTeamCountry "SUI"]
[BlackTeamCountry "EGY"]

1. d4 Nf6 2. Nf3 g6 3. c4 Bg7 4. Nc3 0-0 5. e4 d6 6. h3 Nbd7 7. Be3 e5 8. dxe5 dxe5 9. g4 c6 10. Qc2 Qc7 11. 0-0-0 Re8 12. Be2 Nf8 13. Bc5 N6d7 14. Bd6 Qb6 15. Na4 Qxf2 16. Qd2 Ne6 17. Rdf1 Qg3 18. Kb1 Qf4 19. Qd3 Qh6 20. Bd1 Ng5 21. h4 Nxf3 22. Qxf3 Qf4 23. Qd3 Nf6 24. Rxf4 exf4 25. Nc3 Nxg4 26. Bxg4 Bxg4 27. Bxf4 Rad8 28. Qg3 h5 29. Re1 Rd4 30. e5 Bf5+ 31. Ka1 Red8 32. Bg5 Rd3 33. Qf2 R8d4 34. a3 a5 35. Bf6 Rd2 36. Re2 Rd1+ 37. Nxd1 Rxd1+ 38. Ka2 Bb1+ 39. Kb3 b5 40. Rd2 Rh1 41. Qe3 Bf8 42. Rd8 Rh2 43. cxb5 cxb5 44. Rxf8+ 1-0

[Event "Davos op"]
[Site "Davos"]
[Date "2010.08.13"]
[Round "6"]
[White "Lematschko, Tatjana"]
[Black "Curien, Nicolas"]
[Result "1-0"]
[WhiteElo "2184"]
[BlackElo "2227"]
[PlyCount "61"]
[EventDate "2010.08.08"]
[EventType "swiss"]
[EventRounds "7"]
[EventCountry "SUI"]
[SourceTitle "CBM 138 Extra"]
[Source "ChessBase"]
[SourceDate "2010.10.29"]
[SourceVersion "1"]
[SourceVersionDate "2010.10.29"]
[SourceQuality "1"]

1. d4 d5 2. Nf3 c6 3. c4 e6 4. Nbd2 dxc4 5. Nxc4 b5 6. Nce5 Bb7 7. e3 Nd7 8. Be2 Ngf6 9. 0-0 Be7 10. Bd2 0-0 11. Nxd7 Nxd7 12. b4 Bf6 13. Bc3 Qb8 14. Nd2 Rd8 15. f4 c5 16. bxc5 Nxc5 17. Ba5 Rc8 18. dxc5 Bxa1 19. Qxa1 Rxc5 20. Nb3 Rc8 21. Bc3 f6 22. Nd4 Qc7 23. Bb2 a6 24. Nxe6 Qc2 25. Nd4 Qe4 26. Rf2 Rc7 27. Bc1 Rac8 28. Bd2 Qe7 29. Bg4 Re8 30. Be6+ Kh8 31. Ba5 1-0

[Event "SUI-ch op"]
[Site "Samnaun"]
[Date "2008.07.17"]
[Round "8"]
[White "Lematschko, Tatjana"]
[Black "Kelecevic, Nedeljko"]
[Result "1/2-1/2"]
[WhiteElo "2172"]
[BlackElo "2364"]
[PlyCount "79"]
[EventDate "2008.07.08"]
[EventType "tourn"]
[EventRounds "9"]
[EventCountry "SUI"]
[SourceTitle "CBM 125 Extra"]
[Source "ChessBase"]
[SourceDate "2008.09.01"]
[SourceVersion "1"]
[SourceVersionDate "2008.09.01"]
[SourceQuality "1"]

1. d4 e6 2. Nf3 Nf6 3. g3 b5 4. Bg2 Bb7 5. 0-0 c5 6. c3 h6 7. Bf4 Be7 8. dxc5 Bxc5 9. Bd6 Qb6 10. Bxc5 Qxc5 11. Qd4 Qc7 12. Rd1 d5 13. Ne5 0-0 14. a4 bxa4 15. Rxa4 Nc6 16. Nxc6 Bxc6 17. Ra2 Bb5 18. b3 e5 19. Qd2 Rfd8 20. Qc1 Rac8 21. Qa3 a6 22. Bh3 Rb8 23. Bf1 Qb6 24. e3 e4 25. Bh3 Nh7 26. Nd2 Qf6 27. Rc1 Ng5 28. Bg4 h5 29. h4 hxg4 30. hxg5 Qxg5 31. c4 dxc4 32. bxc4 Bc6 33. Rb2 Rxb2 34. Qxb2 Qa5 35. Nb3 Qb4 36. Qa2 Rd6 37. Nd4 a5 38. Ra1 Rf6 39. Nxc6 Rxc6 40. Qxa5 1/2-1/2

[Event "SUI-ch op"]
[Site "Samnaun"]
[Date "2008.07.11"]
[Round "2"]
[White "Holzke, Frank"]
[Black "Lematschko, Tatjana"]
[Result "1/2-1/2"]
[WhiteElo "2516"]
[BlackElo "2172"]
[PlyCount "102"]
[EventDate "2008.07.08"]
[EventType "tourn"]
[EventRounds "9"]
[EventCountry "SUI"]
[SourceTitle "CBM 125 Extra"]
[Source "ChessBase"]
[SourceDate "2008.09.01"]
[SourceVersion "1"]
[SourceVersionDate "2008.09.01"]
[SourceQuality "1"]

1. e4 c6 2. d4 d5 3. Nc3 g6 4. h3 Bg7 5. Nf3 Nh6 6. Bf4 dxe4 7. Nxe4 Nf5 8. c3 0-0 9. Bd3 Nd6 10. Nxd6 exd6 11. 0-0 d5 12. Qd2 Na6 13. Rae1 Nc7 14. Bh6 Be6 15. Bxg7 Kxg7 16. Ng5 Re8 17. f4 f6 18. Nxe6+ Nxe6 19. f5 Nf8 20. Rxe8 Qxe8 21. Re1 Qf7 22. Qe3 Rd8 23. h4 Kg8 24. Bc2 Rd7 25. g3 Rd8 26. Kg2 Kg7 27. Bd1 Rd7 28. Bg4 Rc7 29. Kh2 b5 30. b4 Rb7 31. a3 Qd7 32. Qf4 Qc7 33. Qxc7+ Rxc7 34. Re8 Kf7 35. Rc8 Rxc8 36. fxg6+ hxg6 37. Bxc8 Ke7 38. Kg2 Kd8 39. Bh3 Ke7 40. Kf3 f5 41. g4 fxg4+ 42. Kxg4 Ne6 43. Bf1 Kf6 44. Bd3 Ng7 45. Bc2 Ne8 46. a4 Nd6 47. a5 Nc4 48. Kf4 Nb2 49. Ke3 Nc4+ 50. Kf4 Nb2 51. Ke3 Nc4+ 1/2-1/2

[Event "EU-ch (Women) 9th"]
[Site "Plovdiv"]
[Date "2008.04.27"]
[Round "7"]
[White "Lematschko, Tatjana"]
[Black "Ivkina, Olga"]
[Result "1-0"]
[WhiteElo "2189"]
[BlackElo "2278"]
[PlyCount "115"]
[EventDate "2008.04.21"]
[EventType "swiss"]
[EventRounds "11"]
[EventCountry "BUL"]
[SourceTitle "CBM 123 Extra"]
[Source "ChessBase"]
[SourceDate "2008.05.06"]
[SourceVersion "1"]
[SourceVersionDate "2008.05.06"]
[SourceQuality "1"]

1. d4 Nf6 2. c4 g6 3. Nc3 Bg7 4. g3 d6 5. e3 0-0 6. Bg2 c6 7. Nge2 Qc7 8. 0-0 e5 9. b3 h5 10. h4 a6 11. a4 a5 12. Ba3 Rd8 13. Ra2 Bg4 14. f3 Bh6 15. fxg4 Bxe3+ 16. Kh1 Nxg4 17. Ne4 f5 18. Ng5 Bxg5 19. hxg5 Ne3 20. Qd3 Nxf1 21. Bxf1 c5 22. d5 Qe7 23. Qd2 Kf7 24. Ng1 Nd7 25. Nf3 h4 26. Nxh4 Rh8 27. Kg1 Rh7 28. Bc1 b6 29. Bh3 Rah8 30. Bxf5 Nf8 31. Bg4 Ke8 32. Qf2 Rf7 33. Qe2 Rg7 34. Qe4 Kd8 35. Bh3 Rh5 36. Qg4 Qd7 37. Rf2 Qxg4 38. Rxf8+ Ke7 39. Bxg4 Rxh4 40. gxh4 Kxf8 41. Kg2 Rh7 42. Kg3 Kg7 43. Be2 Rh8 44. Be3 Rf8 45. Kg4 Rh8 46. Bf2 Kf7 47. Bg3 Kg7 48. Kf3 Rf8+ 49. Ke4 Rh8 50. Bg4 Kf7 51. Be6+ Ke7 52. Bh3 Rh7 53. Bg2 Rh8 54. Bf3 Rh7 55. h5 gxh5 56. g6 Rh6 57. Bh4+ Kf8 58. Kf5 1-0

[Event "EU-ch (Women) 9th"]
[Site "Plovdiv"]
[Date "2008.04.26"]
[Round "6"]
[White "Lematschko, Tatjana"]
[Black "Nikoladze, Sopio"]
[Result "0-1"]
[WhiteElo "2189"]
[BlackElo "2249"]
[PlyCount "92"]
[EventDate "2008.04.21"]
[EventType "swiss"]
[EventRounds "11"]
[EventCountry "BUL"]
[SourceTitle "CBM 123 Extra"]
[Source "ChessBase"]
[SourceDate "2008.05.06"]
[SourceVersion "1"]
[SourceVersionDate "2008.05.06"]
[SourceQuality "1"]

1. d4 Nf6 2. c4 e6 3. Nf3 Bb4+ 4. Bd2 Bxd2+ 5. Nbxd2 d5 6. e3 0-0 7. Bd3 b6 8. 0-0 Bb7 9. Rc1 Nbd7 10. b4 a5 11. b5 Rc8 12. Ne5 Nxe5 13. dxe5 Nd7 14. f4 Nc5 15. Nb3 Nxd3 16. Qxd3 dxc4 17. Qxc4 Bd5 18. Qc2 c5 19. bxc6 Rxc6 20. Qb2 Rxc1 21. Rxc1 b5 22. Nd4 b4 23. Qe2 Qb6 24. Qc2 g6 25. g4 Ba8 26. g5 Qb7 27. Qc6 Rd8 28. Qxb7 Bxb7 29. a3 bxa3 30. Ra1 Ra8 31. Rxa3 Kf8 32. Ra4 Bd5 33. Kf2 Ke7 34. Ke2 Kd7 35. Kd2 Kc7 36. Nb5+ Kc6 37. Nd6 Bb3 38. Ra1 Kc5 39. Kc3 a4 40. Rc1 Ra7 41. h4 Bd5 42. Kb2+ Kb4 43. Rc8 a3+ 44. Ka1 Ka4 45. Rc1 Ra6 46. e4 Bb3 0-1

[Event "EU-ch (Women) 9th"]
[Site "Plovdiv"]
[Date "2008.04.24"]
[Round "4"]
[White "Lematschko, Tatjana"]
[Black "Khropova, Larisa"]
[Result "1-0"]
[WhiteElo "2189"]
[BlackElo "2069"]
[PlyCount "73"]
[EventDate "2008.04.21"]
[EventType "swiss"]
[EventRounds "11"]
[EventCountry "BUL"]
[SourceTitle "CBM 123 Extra"]
[Source "ChessBase"]
[SourceDate "2008.05.06"]
[SourceVersion "1"]
[SourceVersionDate "2008.05.06"]
[SourceQuality "1"]

1. e4 d5 2. exd5 Qxd5 3. Nc3 Qa5 4. d4 Nf6 5. Bb5+ c6 6. Bc4 Bf5 7. Nge2 e6 8. 0-0 Bd6 9. Bf4 Qc7 10. Bg3 Nbd7 11. Bd3 0-0-0 12. Bxf5 exf5 13. Qd3 g6 14. Rad1 Rhe8 15. a3 Nb6 16. Nc1 Ne4 17. Bxd6 Rxd6 18. N3e2 Nd5 19. c4 Ndf6 20. f3 Nc5 21. Qc3 Ncd7 22. Nf4 c5 23. d5 g5 24. Nfd3 g4 25. Rde1 Rg8 26. fxg4 Nxg4 27. Rxf5 Rh6 28. Nf4 Rxh2 29. Rg5 Qxf4 30. Rxg8+ Kc7 31. d6+ Kxd6 32. Rxg4 Qxg4 33. Kxh2 Qh4+ 34. Kg1 f6 35. Rd1+ Kc6 36. Qf3+ Kc7 37. Qh3 1-0

[Event "EU-ch (Women) 9th"]
[Site "Plovdiv"]
[Date "2008.04.22"]
[Round "2"]
[White "Lematschko, Tatjana"]
[Black "Murashova, Ekaterina"]
[Result "1/2-1/2"]
[WhiteElo "2189"]
[BlackElo "2320"]
[PlyCount "89"]
[EventDate "2008.04.21"]
[EventType "swiss"]
[EventRounds "11"]
[EventCountry "BUL"]
[SourceTitle "CBM 123 Extra"]
[Source "ChessBase"]
[SourceDate "2008.05.06"]
[SourceVersion "1"]
[SourceVersionDate "2008.05.06"]
[SourceQuality "1"]

1. d4 Nf6 2. c4 g6 3. Nc3 Bg7 4. g3 0-0 5. Bg2 d6 6. h3 c6 7. e3 e5 8. Nge2 Qe7 9. 0-0 Rd8 10. e4 Nbd7 11. d5 a5 12. Be3 Nc5 13. dxc6 bxc6 14. Bxc5 dxc5 15. Qa4 Be6 16. Rfd1 Qc7 17. b3 Qb6 18. Rxd8+ Rxd8 19. Rd1 Rxd1+ 20. Nxd1 h5 21. Qa3 Qb4 22. Qxb4 cxb4 23. Nb2 Nd7 24. Nd3 Bf8 25. Kf1 f6 26. Ke1 Kf7 27. Kd2 Ke7 28. Kc2 Kd6 29. Ng1 Bh6 30. Nf3 Nf8 31. Ng1 Bf7 32. Ne2 Ne6 33. Nb2 Bf8 34. Nd3 Be7 35. Kd2 Bd8 36. h4 g5 37. Bh3 Bb6 38. f3 Nd4 39. Nxd4 Bxd4 40. hxg5 fxg5 41. g4 h4 42. Ne1 a4 43. Nd3 Bc3+ 44. Ke2 a3 45. Bf1 1/2-1/2

[Event "SUI-ch HT1"]
[Site "Lenzerheide"]
[Date "2006.07.19"]
[Round "7"]
[White "Lehmann, Andreas"]
[Black "Lematschko, Tatjana"]
[Result "1-0"]
[WhiteElo "2139"]
[BlackElo "2200"]
[PlyCount "85"]
[EventDate "2006.07.13"]
[EventType "swiss"]
[EventRounds "7"]
[EventCountry "SUI"]
[SourceTitle "CBM 113 Extra"]
[Source "ChessBase"]
[SourceDate "2006.09.14"]
[SourceVersion "1"]
[SourceVersionDate "2006.09.14"]
[SourceQuality "1"]

1. e4 c5 2. Nf3 a6 3. c3 g6 4. d4 cxd4 5. cxd4 d5 6. e5 f5 7. Nc3 e6 8. h4 h5 9. Bd3 Bh6 10. 0-0 Bd7 11. Ne2 Nc6 12. Bxh6 Rxh6 13. a3 Qb6 14. b4 Nge7 15. Qd2 Rh8 16. Rfc1 Nd8 17. Rc5 Rc8 18. Rac1 Rxc5 19. Rxc5 Nf7 20. Ng5 Qd8 21. b5 b6 22. Rc1 axb5 23. Nc3 Nc8 24. Nxd5 exd5 25. e6 Nfd6 26. exd7+ Qxd7 27. Qe2+ Ne7 28. Qe5 Rf8 29. Ne6 Nc4 30. Bxc4 bxc4 31. Nxf8 Kxf8 32. Qf6+ Ke8 33. Re1 Kd8 34. Qxb6+ Kc8 35. Qa6+ Kc7 36. Qa5+ Kc8 37. Rb1 Qd6 38. Rb6 Qf4 39. Qa6+ Kd7 40. Qb5+ Kd8 41. Rb8+ Nc8 42. Qxd5+ Kc7 43. Rb7# 1-0

[Event "EU-ch (Women) 7th"]
[Site "Kusadasi"]
[Date "2006.04.15"]
[Round "11"]
[White "Lematschko, Tatjana"]
[Black "Calotescu, Ana Cristina"]
[Result "1-0"]
[WhiteElo "2180"]
[BlackElo "2330"]
[PlyCount "73"]
[EventDate "2006.04.04"]
[EventType "swiss"]
[EventRounds "11"]
[EventCountry "TUR"]
[SourceTitle "CBM 111 Extra"]
[Source "ChessBase"]
[SourceDate "2006.05.09"]
[SourceVersion "1"]
[SourceVersionDate "2006.05.09"]
[SourceQuality "1"]

1. d4 Nf6 2. c4 g6 3. Nc3 Bg7 4. e4 d6 5. f4 c5 6. d5 0-0 7. Nf3 e6 8. dxe6 fxe6 9. Be2 Nc6 10. 0-0 b6 11. g3 Bb7 12. f5 exf5 13. exf5 gxf5 14. Bg5 Qd7 15. Bd3 Ng4 16. Qc2 h6 17. Bf4 Nge5 18. Nd5 Ng6 19. Bd2 Rf7 20. Bc3 Bxc3 21. Qxc3 Nce5 22. Be2 Bxd5 23. cxd5 Rg7 24. Qd2 Kh7 25. Rf2 Ng4 26. Rff1 Nf6 27. Bd3 Nxd5 28. Ng5+ hxg5 29. Bxf5 Qa4 30. Qxd5 Qd4+ 31. Qxd4 cxd4 32. Rad1 Re7 33. Rxd4 Rd8 34. Rfd1 Re5 35. Bxg6+ Kxg6 36. Rxd6+ Rxd6 37. Rxd6+ 1-0

[Event "EU-ch (Women) 7th"]
[Site "Kusadasi"]
[Date "2006.04.14"]
[Round "10"]
[White "Aginian, Nelly"]
[Black "Lematschko, Tatjana"]
[Result "1-0"]
[WhiteElo "2319"]
[BlackElo "2180"]
[PlyCount "97"]
[EventDate "2006.04.04"]
[EventType "swiss"]
[EventRounds "11"]
[EventCountry "TUR"]
[SourceTitle "CBM 111 Extra"]
[Source "ChessBase"]
[SourceDate "2006.05.09"]
[SourceVersion "1"]
[SourceVersionDate "2006.05.09"]
[SourceQuality "1"]

1. e4 g6 2. d4 Bg7 3. Nc3 c6 4. Nf3 d5 5. h3 dxe4 6. Nxe4 Bf5 7. Ng3 Nh6 8. Nxf5 Nxf5 9. c3 Nd7 10. Bd3 e6 11. 0-0 0-0 12. Qe2 Re8 13. Bf4 Bh6 14. Bh2 Ne7 15. c4 Bg7 16. Rad1 Qb6 17. b3 c5 18. dxc5 Nxc5 19. Bb1 Nc6 20. Qe3 Rad8 21. Bf4 e5 22. Bh6 f6 23. Rd5 Bxh6 24. Qxh6 Ne7 25. Rdd1 Rxd1 26. Rxd1 Rd8 27. Rxd8+ Qxd8 28. Qe3 Qd1+ 29. Kh2 b6 30. Be4 a5 31. Nd2 Qa1 32. Bd5+ Kg7 33. Ne4 Nf5 34. Qf3 Qxa2 35. Nxc5 bxc5 36. Be6 Qc2 37. Bxf5 gxf5 38. Qe3 a4 39. bxa4 Qxc4 40. a5 Qb4 41. a6 Qb6 42. Qd3 Kg6 43. g4 e4 44. gxf5+ Kh5 45. Qe2+ Kh6 46. Qd2+ Kh5 47. Qa2 Qa7 48. Qe6 c4 49. Qxc4 1-0

[Event "EU-ch (Women) 7th"]
[Site "Kusadasi"]
[Date "2006.04.13"]
[Round "9"]
[White "Benderac, Ana"]
[Black "Lematschko, Tatjana"]
[Result "0-1"]
[WhiteElo "2302"]
[BlackElo "2180"]
[PlyCount "50"]
[EventDate "2006.04.04"]
[EventType "swiss"]
[EventRounds "11"]
[EventCountry "TUR"]
[SourceTitle "CBM 111 Extra"]
[Source "ChessBase"]
[SourceDate "2006.05.09"]
[SourceVersion "1"]
[SourceVersionDate "2006.05.09"]
[SourceQuality "1"]

1. d4 Nf6 2. Nf3 e6 3. Bg5 c5 4. Bxf6 Qxf6 5. e3 a6 6. Nbd2 cxd4 7. exd4 b6 8. Bd3 Bb7 9. Qe2 g6 10. c3 Bd6 11. Be4 Nc6 12. Nc4 Bc7 13. d5 exd5 14. Bxd5+ Kf8 15. 0-0 Nd4 16. cxd4 Bxd5 17. Nce5 Qd6 18. Rac1 Kg7 19. Rfe1 b5 20. Nh4 f6 21. Ng4 Rae8 22. Qxe8 Rxe8 23. Rxe8 h5 24. Rxc7 Qxc7 25. Ne3 Qa5 0-1

[Event "EU-ch (Women) 7th"]
[Site "Kusadasi"]
[Date "2006.04.10"]
[Round "7"]
[White "Moser, Eva"]
[Black "Lematschko, Tatjana"]
[Result "1-0"]
[WhiteElo "2374"]
[BlackElo "2180"]
[PlyCount "91"]
[EventDate "2006.04.04"]
[EventType "swiss"]
[EventRounds "11"]
[EventCountry "TUR"]
[SourceTitle "CBM 111 Extra"]
[Source "ChessBase"]
[SourceDate "2006.05.09"]
[SourceVersion "1"]
[SourceVersionDate "2006.05.09"]
[SourceQuality "1"]

1. e4 c5 2. c3 Nf6 3. e5 Nd5 4. d4 cxd4 5. Nf3 e6 6. cxd4 b6 7. Nc3 Bb7 8. Bd3 Nb4 9. Bb1 N8a6 10. 0-0 Nc7 11. Ng5 d5 12. Nxh7 Be7 13. Qg4 Rxh7 14. Bxh7 g6 15. a3 Nc6 16. Qf4 Ba6 17. Rd1 Bc4 18. Be3 Bb3 19. Rdc1 Na5 20. Bg8 Bc4 21. Bxf7+ Kd7 22. Bxg6 Nb3 23. Rab1 Qf8 24. Qf7 Qxf7 25. Bxf7 Bd3 26. Rd1 Bc2 27. g3 Rh8 28. g4 Rh7 29. Bh5 b5 30. Rbc1 Nxc1 31. Rxc1 Bd3 32. Rd1 Bc4 33. Kg2 a5 34. h3 Bh4 35. f4 Ke7 36. Bg6 Rg7 37. Bd3 Bb3 38. Rc1 Bc4 39. Bc2 Ke8 40. b3 b4 41. bxc4 bxc3 42. c5 Kd8 43. Bd3 Kd7 44. Rxc3 Kc6 45. Rb3 Bd8 46. g5 1-0

[Event "EU-ch (Women) 7th"]
[Site "Kusadasi"]
[Date "2006.04.06"]
[Round "3"]
[White "Petrenko, Svetlana"]
[Black "Lematschko, Tatjana"]
[Result "1-0"]
[WhiteElo "2346"]
[BlackElo "2180"]
[PlyCount "131"]
[EventDate "2006.04.04"]
[EventType "swiss"]
[EventRounds "11"]
[EventCountry "TUR"]
[SourceTitle "CBM 111 Extra"]
[Source "ChessBase"]
[SourceDate "2006.05.09"]
[SourceVersion "1"]
[SourceVersionDate "2006.05.09"]
[SourceQuality "1"]

1. e4 c6 2. d4 d5 3. Nc3 dxe4 4. Nxe4 Nd7 5. Bc4 Ngf6 6. Ng5 e6 7. N1f3 Nb6 8. Bb3 h6 9. Nh3 Bd6 10. Nf4 0-0 11. 0-0 c5 12. dxc5 Bxc5 13. Qe2 Nbd5 14. Nd3 Bd6 15. c4 Nb4 16. Nde5 a5 17. Ba4 Qc7 18. Rd1 Na6 19. h3 Nc5 20. Bc2 Nfd7 21. Bf4 Nxe5 22. Nxe5 f6 23. Rxd6 Qxd6 24. Ng6 e5 25. Rd1 Qc7 26. Nxf8 Kxf8 27. Be3 Be6 28. b3 b6 29. Qf3 Rc8 30. Bf5 Qe7 31. Bxc5 Rxc5 32. Bxe6 Qxe6 33. Qb7 Qc8 34. Qxb6 Qc7 35. Rd8+ Ke7 36. Qxc7+ Rxc7 37. Ra8 Rc5 38. Ra7+ Ke6 39. Rxg7 a4 40. Ra7 axb3 41. axb3 e4 42. Kf1 Ke5 43. Rd7 Rc8 44. Rd5+ Ke6 45. Rb5 f5 46. g3 h5 47. h4 Rd8 48. Ke2 Rd3 49. b4 Rb3 50. c5 Rb2+ 51. Kf1 Rb1+ 52. Kg2 Rb2 53. Rb8 Kd7 54. Kf1 Rb1+ 55. Kg2 Rb2 56. Rf8 Rxb4 57. Rxf5 Ke6 58. Rxh5 Rb2 59. Kf1 Rc2 60. g4 Kf6 61. Rf5+ Kg6 62. h5+ Kh6 63. Re5 Rc4 64. Ke2 e3 65. f3 Rc3 66. f4 1-0

[Event "EU-chT (Women) 15th"]
[Site "Gothenburg"]
[Date "2005.08.06"]
[Round "8"]
[White "Lematschko, Tatjana"]
[Black "Madl, Ildiko"]
[Result "1/2-1/2"]
[WhiteElo "2205"]
[BlackElo "2382"]
[PlyCount "56"]
[EventDate "2005.07.30"]
[EventType "team-swiss"]
[EventRounds "9"]
[EventCountry "SWE"]
[SourceTitle "CBM 107 Extra"]
[Source "ChessBase"]
[SourceDate "2005.09.01"]
[SourceVersion "1"]
[SourceVersionDate "2005.09.01"]
[SourceQuality "1"]
[WhiteTeam "Switzerland (W)"]
[BlackTeam "Hungary (W)"]
[WhiteTeamCountry "SUI"]
[BlackTeamCountry "HUN"]

1. d4 d5 2. c4 c6 3. e3 Nf6 4. Nf3 Bf5 5. Nc3 e6 6. Nh4 Bg6 7. Nxg6 hxg6 8. Qc2 Qc7 9. g3 Nbd7 10. cxd5 exd5 11. Bd2 Be7 12. Bg2 Nb6 13. Ne2 Nc4 14. Bb4 a5 15. Bxe7 Qxe7 16. Qc3 Ne4 17. Bxe4 Qxe4 18. 0-0-0 g5 19. h4 0-0-0 20. b3 Na3 21. Kb2 Nb5 22. Qxa5 gxh4 23. gxh4 Rxh4 24. Ng3 Qg4 25. Qa8+ Kc7 26. Qa5+ Kc8 27. Qa8+ Kc7 28. Qa5+ Kc8 1/2-1/2

[Event "EU-chT (Women) 15th"]
[Site "Gothenburg"]
[Date "2005.08.03"]
[Round "5"]
[White "Yildiz Kadioglu, Betul Cemre"]
[Black "Lematschko, Tatjana"]
[Result "1-0"]
[WhiteElo "2155"]
[BlackElo "2205"]
[PlyCount "81"]
[EventDate "2005.07.30"]
[EventType "team-swiss"]
[EventRounds "9"]
[EventCountry "SWE"]
[SourceTitle "CBM 107 Extra"]
[Source "ChessBase"]
[SourceDate "2005.09.01"]
[SourceVersion "1"]
[SourceVersionDate "2005.09.01"]
[SourceQuality "1"]
[WhiteTeam "Turkey (W)"]
[BlackTeam "Switzerland (W)"]
[WhiteTeamCountry "TUR"]
[BlackTeamCountry "SUI"]

1. d4 Nf6 2. Nf3 d6 3. Nbd2 g6 4. e4 Bg7 5. Bc4 0-0 6. 0-0 c6 7. Bb3 d5 8. e5 Ne8 9. Re1 Nc7 10. Nf1 Ne6 11. Be3 Na6 12. h4 Nac7 13. h5 Re8 14. N3h2 f5 15. exf6 exf6 16. hxg6 hxg6 17. c3 Nf8 18. Bc2 Be6 19. Qf3 Qd7 20. g4 Nb5 21. Qg3 Nd6 22. Bf4 Rad8 23. Nd2 Bf7 24. Rxe8 Nxe8 25. g5 Ne6 26. gxf6 Nxf4 27. Qxf4 Nxf6 28. Qg5 Nh7 29. Qg3 Qd6 30. f4 Nf6 31. Rf1 Nh5 32. Qg5 Qf6 33. Ng4 Qxg5 34. fxg5 Rf8 35. Nf3 Be8 36. Nfe5 Nf4 37. Kh2 Ne6 38. Nf6+ Kh8 39. Kg3 Nxg5 40. Rh1+ Bh6 41. Nxe8 1-0

[Event "EU-chT (Women) 15th"]
[Site "Gothenburg"]
[Date "2005.08.02"]
[Round "4"]
[White "Lematschko, Tatjana"]
[Black "Ragger, Anna Christina"]
[Result "1-0"]
[WhiteElo "2205"]
[BlackElo "2124"]
[PlyCount "65"]
[EventDate "2005.07.30"]
[EventType "team-swiss"]
[EventRounds "9"]
[EventCountry "SWE"]
[SourceTitle "CBM 107 Extra"]
[Source "ChessBase"]
[SourceDate "2005.09.01"]
[SourceVersion "1"]
[SourceVersionDate "2005.09.01"]
[SourceQuality "1"]
[WhiteTeam "Switzerland (W)"]
[BlackTeam "Austria (W)"]
[WhiteTeamCountry "SUI"]
[BlackTeamCountry "AUT"]

1. d4 Nf6 2. c4 c5 3. d5 b5 4. cxb5 a6 5. e3 g6 6. Nc3 d6 7. h3 Bg7 8. bxa6 Nxa6 9. Bb5+ Bd7 10. Bc4 0-0 11. Nge2 e5 12. 0-0 e4 13. Ng3 Re8 14. Rb1 h5 15. Re1 h4 16. Nf1 Re5 17. Kh1 Nh5 18. Be2 Qc8 19. Nh2 Rg5 20. Nxe4 Re5 21. Nxd6 Qb8 22. Nc4 Re8 23. Bxh5 gxh5 24. e4 Qb4 25. b3 Nc7 26. a3 Qb8 27. Bf4 Qd8 28. Qxh5 Nb5 29. e5 Nc3 30. Nd6 Rf8 31. Bg5 Qa5 32. Bf6 Nxb1 33. b4 1-0

[Event "EU-ch (Women) 6th"]
[Site "Kishinev"]
[Date "2005.06.20"]
[Round "9"]
[White "Babei, Angelica"]
[Black "Lematschko, Tatjana"]
[Result "1/2-1/2"]
[WhiteElo "1843"]
[BlackElo "2231"]
[PlyCount "138"]
[EventDate "2005.06.11"]
[EventType "swiss"]
[EventRounds "12"]
[EventCountry "MDA"]
[SourceTitle "CBM 106 Extra"]
[Source "ChessBase"]
[SourceDate "2005.07.01"]
[SourceVersion "1"]
[SourceVersionDate "2005.07.01"]
[SourceQuality "1"]

1. e4 c5 2. Nc3 Nc6 3. g3 g6 4. Bg2 Bg7 5. d3 b6 6. f4 Bb7 7. Nf3 e6 8. 0-0 Nge7 9. Ne2 d5 10. e5 Qd7 11. c3 0-0 12. d4 cxd4 13. Nexd4 Rfc8 14. Be3 Nxd4 15. Nxd4 Nc6 16. Nxc6 Qxc6 17. Rc1 Qc7 18. Bd4 Bf8 19. g4 Bc5 20. Qd2 Ba6 21. Rfe1 Bxd4+ 22. cxd4 Qe7 23. Rxc8+ Rxc8 24. Rc1 Rxc1+ 25. Qxc1 Qb4 26. Qc3 Qxc3 27. bxc3 Bc4 28. a3 Be2 29. h3 h5 30. Bf1 Bd1 31. g5 Ba4 32. c4 dxc4 33. Bxc4 Bc6 34. h4 b5 35. Ba2 Kf8 36. Kf2 Ke7 37. Ke3 Bd5 38. Bb1 Kd7 39. Bd3 Kc6 40. Kd2 a6 41. Kc3 Bf3 42. a4 bxa4 43. Bxa6 a3 44. Kb3 Bd1+ 45. Kxa3 Kd5 46. Bb5 Kxd4 47. Be8 Bg4 48. Kb3 Ke4 49. Kc3 Bf5 50. Bxf7 Ke3 51. Be8 Kxf4 52. Kd4 Kf3 53. Bc6+ Kg3 54. Ke3 Kxh4 55. Kf4 Kh3 56. Kf3 Bc2 57. Bd7 Bd1+ 58. Kf4 Bg4 59. Be8 Bf5 60. Kf3 Kh2 61. Kf2 h4 62. Bc6 Kh3 63. Bf3 Bg4 64. Bg2+ Kh2 65. Bc6 Bf5 66. Bg2 Bc2 67. Bf1 Be4 68. Bc4 Bf5 69. Bf1 Be4 1/2-1/2